Advances in Computer Methods for Partial Differential Equations - II : Proceedings of the Second IMACS (AICA) International Symposium on Computer Methods for Partial Defferential Equations hels at Lehigh University - Bethlehem, Pensylvania, U.S.A. June 22-24, 1977

Uložené v:
Podrobná bibliografia
Ďalší autori: Vichnevetsky, R. (Editor)
Médium: Kniha
Jazyk:English
Vydavateľské údaje: New Brunswick : IMACS, 1977
Tagy: Pridať tag
Žiadne tagy, Buďte prvý, kto otaguje tento záznam!

MARC

LEADER 00000nam a22000003a 4500
001 stu265749
005 20150617225647.6
008 130422s--------xxu-----------------eng-d
040 |a STU  |b slo 
041 0 |a eng 
044 |a xxu 
100 1 |a Vichnevetsky, R.  |4 edt 
245 1 |a Advances in Computer Methods for Partial Differential Equations - II :  |b Proceedings of the Second IMACS (AICA) International Symposium on Computer Methods for Partial Defferential Equations hels at Lehigh University - Bethlehem, Pensylvania, U.S.A. June 22-24, 1977 
260 |a New Brunswick :  |b IMACS,  |c 1977 
300 |a 392 s 
996 |c I*Z2541  |l I  |s A  |a 24  |w stu265749_0001